10 Πιο Καυτές Ευρωπαϊκές Χώρες - Statistics

General Stats
  • This quiz has been taken 92 times
  • The average score is 9 of 10
Answer Stats
° C Χώρα % Correct
15.8 Ελλάδα
100%
14.6 Ιταλία
100%
14.2 Ισπανία
100%
16.1 Πορτογαλία
97%
20.3 Μάλτα
93%
12.9 Αλβανία
91%
16.8 Βατικανό
81%
13.9 Μονακό
80%
14.2 Άγιος Μαρίνος
77%
12.4 Κροατία
77%
No matching quizzes found
Score Distribution
Percent of People with Each Score
Percentile by Number Answered
Your Score History
You have not taken this quiz